00000000nam 2200000zi 4500
0019.945323
003CaOODSP
00520241119134701
006m     o  d f      
007cr bn ||||||||
008241119s2024    onc     ol   f000 0 fre d
040 |aCaOODSP|bfre|erda|cCaOODSP
041 |afre|aeng
043 |an-cn---
0861 |aXB441-419/1-PDF
1101 |aCanada. |bParlement. |bChambre des communes, |eorganisme de publication.
24513|aAn Act to establish a national strategy for universal eye care = |bLoi établissant une stratégie nationale sur l'accès universel aux soins ophtalmiques.
24611|aLoi établissant une stratégie nationale sur l'accès universel aux soins ophtalmiques
24613|iTitre abrégé : |aLoi relative à la stratégie nationale sur l'accès universel aux soins ophtalmiques
264 1|a[Ottawa] : |bHouse of Commons of Canada = Chambre des communes du Canada, |c2024.
300 |a1 ressource en ligne (ii, 3 pages).
336 |atexte|btxt|2rdacontent/fre
337 |ainformatique|bc|2rdamedia/fre
338 |aressource en ligne|bcr|2rdacarrier/fre
4901 |aProjet de loi C- ... ; |vProjet de loi C-419, 1re session, 44e législature
500 |a« Première lecture le 19 novembre 2024. »
500 |a« M. Davies. »
500 |aTitre de la couverture.
520 |a« Le texte prévoit l'élaboration d'une stratégie nationale visant à soutenir l'accès universel, dans tout le Canada, aux soins ophtalmiques, aux procédures de correction de la vue et aux aides visuelles » -- Sommaire, page ii.
546 |aTexte en français et en anglais.
650 6|aŒil|xMaladies|xDroit|zCanada|vLégislation.
650 6|aŒil|xSoins et hygiène|xDroit|zCanada|vLégislation.
650 6|aTroubles de la vision|xDroit|zCanada|vLégislation.
650 6|aOptométrie|xDroit|zCanada|vLégislation.
650 6|aOphtalmologie|xDroit|zCanada|vLégislation.
655 7|aProjets de loi|2rvmgf
788 |tAn Act to establish a national strategy for universal eye care = |eeng|w(CaOODSP)9.945322
830#0|aProjet de loi C-...|vProjet de loi C-419, 1re session, 44e législature.|w(CaOODSP)9.500660
85640|qPDF|s125 Ko|uhttps://publications.gc.ca/collections/collection_2024/parl/XB441-419-1.pdf
8564 |qHTML|sS.O.|uhttps://www.parl.ca/documentviewer/fr/44-1/projet-loi/C-419/premiere-lecture
986 |a441383